000 00522nam a2200193Ia 4500
003 GCL
008 140319s9999 xx 000 0 eng d
040 _aGCL /
_cGCL
082 0 4 _a305.231
_bT C
100 1 _aHAMNER, TOMMIE
245 1 0 _aCHILD DEVELOPMENT AND EARLY EDUCATION /
_cHAMNER, TOMMIE
700 1 _aTURNER, PANLINE
260 _a[S.N] :
_bALLYN AND BACON ،
_c1924
300 _a331.P
650 0 4 _aEARLY CHILDHOOD EDUCATION
650 0 4 _aCHILD - DEVELOPMENT
650 0 4 _aCHILD - CARE
942 _2ddc
_cBK
999 _c10995
_d10995